000 00988nas a2200325 4500
001 BR2012004074
003 BR-BrBNA
005 20231205120652.0
007 ta
008 230509b bl.|||p| |||| 00| 00por d
040 _aBR-BrBNA
_bpor
_cBiblioteca Nacional de Agricultura
041 _a(Pt)
072 _aF30
100 1 _aManfio, C.E.
100 1 _aResende, M.D.V. de
100 1 _aSantos, C.E.M. dos
100 1 _aMotoike, S.Y.
100 1 _aLanza, M.A.
100 1 _aPaes, J.M.V.
245 1 _aMelhoramento genético da macaúba
650 _aMACAÚBA
650 _aPALMEIRA OLEAGINOSA
650 _aSEMENTE
650 _aMELHORAMENTO GENÉTICO VEGETAL
650 _aVARIAÇÃO GENÉTICA
650 _aBANCO DE GERMOPLASMA
773 0 _tInforme Agropecuário- Empresa de Pesquisa Agropecuária de Minas Gerais (Brazil)
_xISSN 0100-3364
_g(Nov-Dec 2011), v. 32(265) p. 32-40
_wBR2012004074
909 _a202311
_bLúcia
_c55
_dLúcia Elande
942 _2AGRIS
_n0
_cANA
999 _c219665
_d219665